Les dates importantes - Statistiques

Statistiques générales
  • Ce quiz a été pris 78 fois
    76 depuis la dernière actualisation
  • Le résultat moyen est 4 sur 20
Statistiques - réponses
Hint Réponse % Correct
Mort d'Auguste, premier empereur romain 14
76%
Avènement de Charlemagne 800
59%
Conquête des Gaules par César (Alésia) -52
49%
Procès de Jeanne d'Arc 1431
43%
Chute de Constantinople 1453
35%
Bataille de Rocroi 1643
30%
Avènement de Louis XIV 1643
30%
Bataille d'Actium -31
25%
Congrès de Vienne 1814
22%
Abolition de l'esclavage aux Etats-Unis 1865
21%
Appel à la première croisade 1095
17%
Conquête du Mexique par les Hernan Cortez 1521
13%
Début de la guerre du Péloponnèse -431
8%
Bataille de Marathon -490
8%
Prise de grenade 1482
6%
Début de l'empire mongol 1204
2%
Siège de Vienne 1529
2%
Bataille du pont Milvius 312
2%
Incendie et massacre de Persépolis -330
2%
Les Pays-Bas deviennent espagnols 1556
0%
Aucun quiz correspondant
Distribution des résultats
% des personnes avec chaque résultat
Percentile par nombre de réponses
Votre historique - résultats
Vous n’avez pas pris ce quiz depuis la dernière actualisation